000 nam a22 7a 4500
999 _c7797
_d7797
008 171013b xxu||||| |||| 00| 0 eng d
100 _94274
_aKhan.F.A.
245 _aK.K.Junction-3
260 _aNew Delhi
_c2015